Normal view
MARC view
Entry Meeting Name
001 - CONTROL NUMBER
- control field: 23895
003 - CONTROL NUMBER IDENTIFIER
- control field: OSt
005 - DATE AND TIME OF LATEST TRANSACTION
- control field: 20211105134815.0
008 - FIXED-LENGTH DATA ELEMENTS
- fixed length control field: 211105|| aca||aabn | a|a d
040 ## - CATALOGING SOURCE
- Original cataloging agency: OSt
- Transcribing agency: OSt
111 ## - HEADING--MEETING NAME
- Meeting name or jurisdiction name as entry element: ASP Conference on LiBeB, Cosmic Rays, and Related X- and Gamma - rays
- Location of meeting: Paris, France
- Date of meeting or treaty signing: 1998 Dec. 9-11
670 ## - SOURCE DATA FOUND
- Source citation: Work cat.: (OSt): ASP Conference on LiBeB, Cosmic Rays, and Related X- and Gamma - rays Paris, France 1998 Dec. 9-11, LiBeB, cosmic rays, and related X- and gamma - rays, 1999